Score 0/24 Timer 02:00
4 Plays Today
Song Missing Word % Correct
Little ____ CorvetteRed
95.2%
Back in ____Black
93.3%
Girls & ____Boys
92.8%
The ____ of BrixtonGuns
92.3%
____ Woman, No CryNo
89.7%
____ Eyed GirlBrown
89.3%
I ____Wonder
86.9%
____ MachineSex
85.6%
Pump Up the ____Jam
84.7%
Born to ____Run
84.3%
Video Killed the ____ StarRadio
82.4%
Bela Lugosi's ____Dead
78.9%
Song Missing Word % Correct
Try a ____ TendernessLittle
77.8%
Sunday ____ SundayBloody
75.3%
Know Your ____Enemy
71.9%
I Can See for ____Miles
67.7%
____ Take the WheelJesus
64.7%
We Are ____Family
55.4%
Some ____ MorningVelvet
51%
____ of the NationYouth
48.2%
____ TrainCrazy
40.6%
Pride and ____Joy
38.8%
____ RiverGreen
37.7%
White ____Flag
4.2%

Today's Daily Dose

Missing Word
I Hardly Know Her!

Word Ladder
Sentence Ending

Quick Pick
Female Firsts

Get the Picture
Triathlon Sports

Remove Ads.
Support Sporcle.
Get the best of Sporcle when you Go Orange. This ad-free experience offers more features, more stats, and more fun while also helping to support Sporcle. Thank you for becoming a member.

You're not logged in!

Compare scores with friends on all Sporcle quizzes.
OR
Log In

Show Comments

Extras

Top Quizzes Today


Score Distribution

Your Account Isn't Verified!

In order to create a playlist on Sporcle, you need to verify the email address you used during registration. Go to your Sporcle Settings to finish the process.

Report this User

Report this user for behavior that violates our Community Guidelines.

Details: